Bilecik Bilecik Bilecik Bilecik Bilecik

Seyahatname (V ve VI. cilt)/ (Record no. 46466)

MARC details
000 -BAŞLIK
Sabit Uzunluktaki Kontrol Alanı 01308nam a22003377a 4500
001 - KONTROL NUMARASI
Control Dosyası 0046499
003 - KONTROL NUMARASI KİMLİĞİ
Kontrol Alanı KOHA_MİRAKIL
005 - EN SON İŞLEM TARİHİ ve ZAMANI
Kontrol Alanı 20260207003521.0
007 - FİZİKSEL TANIM SABİT ALAN - GENEL BİLGİ
Sabit uzunluklu kontrol alanı ta
008 - SABİT UZUNLUKTAKİ VERİ ÖGELERİ - GENEL BİLGİ
Sabit Alan 141110b2014 tu |||gr||||#0|||0|tur |
020 ## - ISBN - ULUSLARARASI STANDART KİTAP NUMARASI
Isbn 9789751626370
Nitelik bilgileri Tk No 9789751626387
-- c.1
-- 9789751626400
-- c.2
-- 9789751627780
-- c.3
-- 9789751624476
-- c.4
-- 9789751627162
-- c.5
-- 9789751627100
-- c.6
Kullanılabilirlik koşulları 27,60
040 ## - KATALOGLAMA KAYNAĞI
Özgün Kataloglama Kurumu TR-BiSEU
Kataloglama Dili tur
Çeviri Kurumu TR-BiSEU
Açıklama Kuralları rda
041 0# - DİL KODU
Metin ya da ses kaydının dil kodu tur
044 ## - YAYINLAYAN/ÜRETEN KURULUŞUN ÜLKE KODU
ISO country code tu
050 ## - SINIFLAMA ve YER NUMARASI
Sınıflama Numarası G460
Yer Numarası .E95 2014
100 0# - KİŞİ ADI
Yazar Adı (Kişi adı) Evliya Çelebi.
245 1# - ESER ADI BİLDİRİMİ
Başlık Seyahatname (V ve VI. cilt)/
Sorumluluk Bildirimi Evliya Çelebi ; Evliya Çelebi; Yayına hazırlayan Seyit Ali Kahraman.
264 #1 - ÜRERİM, YAYIN, DAĞITIM ve TELİF BİLDİRİMİ
Yayın yeri Ankara :
Yayınlayan Türk Tarih Kurumu
Yayın tarihi 2014
300 ## - FİZİKSEL TANIMLAMA
Sayfa, Cilt vb. 6 c.: tıpkıbasım; 30 cm.
336 ## - İÇERİK TÜRÜ
Content type term metin
Content type code txt
Source rdacontent
337 ## - MEDYA TÜRÜ
Media type term aracısız
Media type code n
Source rdamedia
338 ## - TAŞIYICI TÜRÜ
Carrier type term cilt
Carrier type code nc
Source rdacarrier
490 1# - DİZİ BİLDİRİMİ
Dizi Bildirimi Atatürk Kültür Dil ve Tarih Yüksek Kurumu Türk Tarih Kurumu Yayınları I.
490 1# - DİZİ BİLDİRİMİ
Dizi Bildirimi Dizi-Sayı ;
Cilt Numarası 6b.
650 #0 - KONU BAŞLIĞI EK GİRİŞ - KONU TERİMİ
Konusal terim veya coğrafi ad Evliya Çelebi, 1611-1688 Geziler.
9 (RLIN) 28137
650 #0 - KONU BAŞLIĞI EK GİRİŞ - KONU TERİMİ
Konusal terim veya coğrafi ad Yolculuklar ve geziler--1800 öncesi çalışmalar.
9 (RLIN) 28138
830 1# - SERİ EK GİRİŞİ - TEKBİÇİM ESER ADI
Tekbiçim Başlık Atatürk Kültür Dil ve Tarih Yüksek Kurumu Türk Tarih Kurumu Yayınları I.
9 (RLIN) 85768
830 1# - SERİ EK GİRİŞİ - TEKBİÇİM ESER ADI
Tekbiçim Başlık Dizi-Sayı ;
Volume number/sequential designation 6b.
9 (RLIN) 8852
907 ## - LOCAL DATA ELEMENT G, LDG (RLIN)
a Coğrafya
942 ## - EK GİRİŞ ÖGELERİ (KOHA)
Source of classification or shelving scheme Library of Congress Classification
Koha item type Book
Holdings
Materyal Türü Kalıcı Konum Mevcut Konum Raf Yeri Sınıflandırma Kaynağı Edinim Bilgisi Ana Konular Alt Konular Yer Numarası Cilt Bilgisi Demirbaş Numarası Fatura Tarihi Maliyet, Alış Fiyatı Maliyet, Yenileme Fiyatı Geri Çekilme Durumu Kayıp Durumu Hasarlı Durumu Kredi için değil Kayıt Tarih Toplam Ödünçverme Son Görülme Tarihi Son Kontrol Tarihi
Book Prof. Dr. Azmi Özcan Kütüphanesi Prof. Dr. Azmi Özcan Kütüphanesi Uluğbey Salonu Library of Congress Classification Satın COĞRAFYA, ANTROPOLOJİ, REKREASYON Coğrafya (Genel), Atlaslar, Haritalar G460 .E95 2014 c.3 0046499 02/02/2026 27.60 27.60         10/11/2014   05/12/2024 05/12/2024